000
002250000a22000970004500
100
1
_a
Brown, Steve
245
1
0
_a
El problema enredado de anastausia
300
_a
Núm 9 (1992), Páginas 6
773
0
_t
Paso a paso
942
_c
ANA
999
_c
52111
_d
52111